Name Puzzle: Cricketers-Emoji Version - Statistics

General Stats
  • This quiz has been taken 8 times
  • The average score is 3 of 9
Answer Stats
Emoji Answer % Correct
πŸ’ˆ+🎯+πŸ§‘πŸ‰πŸ§‘+βœ‹ Rohit Sharma
63%
πŸ―πŸ“+🦡+πŸ₯© James Neesham
38%
😎+πŸ”₯🌏+πŸ§‘β€πŸŽ€+πŸš— Kumar Sangakkara
38%
πŸ‘§+πŸš—+πŸ•+πŸ… Shikhar Dhawan
38%
🦡+πŸ€«πŸ’΅+🌳 Ben Stokes
25%
πŸ’°+πŸ‘‡ Ricky Ponting
25%
🧎+πŸ’΅ Neil Wagner
13%
🧍+πŸ–ΌοΈ+πŸ₯± Stuart Broad
13%
⌚+⬇️+πŸ“§ Tim Southee
13%
No matching quizzes found
Score Distribution
Percent of People with Each Score
Percentile by Number Answered
Your Score History
You have not taken this quiz